| 000 | 00623nam a2200145Ia 4500 | ||
|---|---|---|---|
| 008 | 170221s9999 xx 000 0 und d | ||
| 100 | _aAleksandr A. Nikitin | ||
| 245 | 4 | _aThe Management of Advanced Training of Engineering and Technical Specialists Based on the Interaction between Universities and Business-Structures | |
| 245 | _cAleksandr A. Nikitin, Mikhail P. Palyanov, Marina V. Morozova, Aleksandr S. Markovichev | ||
| 260 | _bInternational Review of Management and Marketing | ||
| 260 | _c2017 | ||
| 300 | _a7 : 1 | ||
| 650 | _xMarketing. | ||
| 856 | _uhttp://www.econjournals.com/index.php/irmm/issue/view/64 | ||
| 999 |
_c312359 _d312359 |
||